| Tag |
First Indicator |
Second Indicator |
Subfields |
| LEADER |
00000cam a2200000Ia 4500 |
| 001 |
in00001670813 |
| 005 |
20151024124326.0 |
| 007 |
hd afa014baca |
| 008 |
000807s1985 dcu a f000 0 eng d |
| 035 |
|
|
|a (OCoLC)ocm44734208
|
| 040 |
|
|
|a HDB
|c HDB
|d UtOrBLW
|
| 043 |
|
|
|a n-us---
|
| 049 |
|
|
|a TXAM
|
| 090 |
|
|
|a JK1108
|b .M35 Suppl. 1985-86 reel 4, fr. 000586
|
| 099 |
|
|
|a Film
|a S
|a 1707
|a 1985-1986, reel 4, fr. 000586
|
| 100 |
1 |
|
|a Reisch, Mark E. Anthony.
|
| 245 |
1 |
0 |
|a Hazardous waste control :
|b RCRA reauthorization /
|c by Mark E. Anthony Reisch.
|
| 264 |
|
1 |
|a [Washington, D.C.] :
|b Library of Congress, Congressional Research Service, Major Issues System,
|c 1985.
|
| 300 |
|
|
|a 9 pages ;
|c 28 cm.
|
| 336 |
|
|
|a text
|b txt
|2 rdacontent
|
| 337 |
|
|
|a microform
|b h
|2 rdamedia
|
| 338 |
|
|
|a microfilm reel
|b hd
|2 rdacarrier
|
| 490 |
1 |
|
|a CRS issue brief ;
|v order code IB83007
|
| 500 |
|
|
|a Title from cover.
|
| 500 |
|
|
|a "Updated 11/26/85."
|
| 500 |
|
|
|a "Environment and Natural Resources Policy Division."
|
| 504 |
|
|
|a Includes bibliographical references.
|
| 533 |
|
|
|a Microfilm.
|b Frederick, MD :
|c University Publications of America,
|d 1986.
|e on 1 microfilm reel ; 35 mm. Low reduction.
|f (Major studies and issue briefs of the Congressional Research Service. 1985-1986 supplement ; reel 5, fr. 000586).
|
| 500 |
|
|
|a Microform.
|
| 650 |
|
0 |
|a Hazardous wastes
|x Law and legislation
|z United States.
|
| 710 |
2 |
|
|a Library of Congress.
|b Major Issues System.
|
| 830 |
|
0 |
|a Issue brief (Library of Congress. Major Issues System) ;
|v no. IB83007.
|
| 830 |
|
0 |
|a Major studies and issue briefs of the Congressional Research Service.
|p Supplement ;
|v 1985-1986, reel 4, fr. 000586.
|
| 994 |
|
|
|a 92
|b TXA
|
| 999 |
|
|
|a MARS
|
| 999 |
f |
f |
|s b6de5ccf-e22a-3acd-a04f-5e872ad7d524
|i 40dff774-e617-354d-9d3b-9985bf7b8fd9
|t 0
|
| 952 |
f |
f |
|a Texas A&M University
|b College Station
|c Sterling C. Evans Library
|d Evans: Microforms (3rd floor)
|t 0
|e Film S 1707 1985-1986, reel 4, fr. 000586
|h Other scheme
|
| 998 |
f |
f |
|a Film S 1707 1985-1986, reel 4, fr. 000586
|t 0
|l Evans: Microforms (3rd floor)
|